Vplyv hospodárskej krízy na malé a stredné podniky v SR

Ekonomický cyklus - cyklus, v ktorom sa fázy prosperity striedajú aj s fázami recesie či krízového vývoja. Podniková kríza. Dopady súčasnej hospodárskej a finančnej krízy na malé a stredné podniky. Výsledky prieskumu, ktorý hľadal odpovede na tri výskumné hypotézy.

Saved in:
Bibliographic Details
Main Author: Elexa, Ľuboš
Other Authors: Krafská, Veronika
Format: Book Chapter
Language:Slovak
Subjects:
Tags: Add Tag
No Tags, Be the first to tag this record!

MARC

LEADER 00000nla$a2200000$$$4500
001 0129316
005 20220322120857.2
041 0 |a slo 
044 |a SK 
245 1 0 |a Vplyv hospodárskej krízy na malé a stredné podniky v SR  |c Ľuboš Elexa, Veronika Krafská 
520 |a Ekonomický cyklus - cyklus, v ktorom sa fázy prosperity striedajú aj s fázami recesie či krízového vývoja. Podniková kríza. Dopady súčasnej hospodárskej a finančnej krízy na malé a stredné podniky. Výsledky prieskumu, ktorý hľadal odpovede na tri výskumné hypotézy. 
610 2 0 |a kríza finančná 
610 2 0 |a kríza hospodárska 
610 2 0 |a podnik malý 
610 2 0 |a podnik stredný 
610 2 0 |a kríza podniku 
610 2 0 |a výskum 
610 2 0 |a Slovensko 
100 1 |a Elexa, Ľuboš 
700 1 |a Krafská, Veronika